Ben ha-ʻarmon ṿeha-lilakh / (Record no. 33094)

MARC details
000 -LEADER
fixed length control field 00644cam a22002291 4500
001 - CONTROL NUMBER
control field he 68000816
003 - CONTROL NUMBER IDENTIFIER
control field DLC
005 - DATE AND TIME OF LATEST TRANSACTION
control field 20260227111455.0
008 - FIXED-LENGTH DATA ELEMENTS--GENERAL INFORMATION
fixed length control field 841212s1967 is 000 0 heb
010 ## - LIBRARY OF CONGRESS CONTROL NUMBER
LC control number he 68000816
035 ## - SYSTEM CONTROL NUMBER
System control number (OCoLC)19195244
040 ## - CATALOGING SOURCE
Original cataloging agency DLC
Transcribing agency MH
Modifying agency CU
-- DLC
042 ## - AUTHENTICATION CODE
Authentication code premarc
050 00 - LIBRARY OF CONGRESS CALL NUMBER
Classification number PJ5053.K45
Item number Z5
100 1# - MAIN ENTRY--PERSONAL NAME
Personal name Keshet, Yeshurun,
Dates associated with a name 1893-
245 10 - TITLE STATEMENT
Title Ben ha-ʻarmon ṿeha-lilakh /
Statement of responsibility, etc. Yeshurun Ḳeshet.
260 ## - PUBLICATION, DISTRIBUTION, ETC.
Place of publication, distribution, etc. [Tel Aviv] :
Name of publisher, distributor, etc. ʻAm ʻoved,
Date of publication, distribution, etc. [1967]
300 ## - PHYSICAL DESCRIPTION
Extent 164 p. ;
Dimensions 20 cm.
500 ## - GENERAL NOTE
General note Added t.p.: Charmed youth; an autobiography.
740 0# - ADDED ENTRY--UNCONTROLLED RELATED/ANALYTICAL TITLE
Uncontrolled related/analytical title Charmed youth.
752 ## - ADDED ENTRY--HIERARCHICAL PLACE NAME
Country or larger entity Israel
City Tel Aviv

No items available.

Powered by Koha